000 00483nam a2200217Ia 4500
003 0100
008 130303s9999 xx 000 0 und d
020 _a0534583628
040 _cARRUPELIB
050 _aBR65.A92K23
100 _aKaye, Sharon M.
245 _aOn Augustine
260 _aBelmont
260 _bWadsworth
260 _C2001
300 _a83p.
300 _b 22cm
440 _aWadsworth Philosophers Series
700 _aThomson, Paul
942 _2lcc
_01
999 _c60907
_d60907